Tunnista eläin sen silmien perusteella I - Statistics

Yleistilastot
  • Tätä visaa on pelattu 216 kertaa
  • Keskiarvotulos 7 / 8
Vastaustilastot
Kuvavisa Vastaus % Oikein
kissa
99%
koira
99%
karhu
97%
kotka
92%
sammakko
92%
kala
90%
poro
57%
kenguru
52%
Ehtoja vastaavia visoja ei löytynyt
Tulosjakauma
Jokaisen tuloksen saaneiden osuus
Persentiili vastausten määrän mukaan
Tuloshistoriasi
Et ole pelannut tätä visaa